000 00562nam a2200241Ia 4500
003 OSt
005 20220912152357.0
006 a|||||r|||| 00| 0
007 ta
008 220909b |||||||| |||| 00| 0 eng d
024 _a51175
037 _cTextual
040 _aCSL
_beng
_cCSL
041 _aeng
082 _aI5:1:24, J3.2
100 _aDuthie
245 0 _aFlolra of the upper gangatic palin
260 _c1953
300 _ap.
_ccm.
650 _aBotany
942 _hI5:1:24, J3.2
_cTEXL
_2CC
999 _c84571
_d84571